000 00220 a2200097 4500
001 27312
100 _aYearsley, R.B
245 _aHandbook of graphic management
260 _a
_bGower press
_c1973
090 _c18137
_d18137
942 _aNUST-CAE
_cM
_c9044
999 _c262385
_d262385